000 02065cam a2200385 i 4500
001 21134242
003 CSPC
005 20241125154938.0
008 190815s2021 maua 001 0 eng
010 _a 2019948283
020 _a9781337613927
040 _aDLC
_beng
_erda
_cDLC
_dDLC
_dCSPC
042 _apcc
050 0 0 _aQA303.2
_b.S7315 2021
082 0 4 _a515
_bSt491c
100 1 _aStewart, James,
_d1941-
_eauthor.
245 1 0 _aCalculus :
_bearly transcendentals /
_cJames Stewart, Daniel Clegg, and Saleem Watson.
250 _aNinth edition.
264 1 _aBoston, Massachusetts :
_bCengage,
_c2021.
300 _axxx, 1214 [A158] pages :
_billustrations (some color) ;
_c27 cm
336 _atext
_btxt
_2rdacontent
337 _aunmediated
_bn
_2rdamedia
338 _avolume
_bnc
_2rdacarrier
500 _aRevised edition of: Calculus / James Stewart. Eighth edition. [2016].
500 _aIncludes index.
505 0 _aA preview of calculus -- Functions and models -- Limits and derivatives -- Differentiation rules -- Applications of differentiation -- Integrals -- Applications of integration -- Techniques of integration -- Further applications of integration -- Differential equations -- Parametric equations and polar coordinates -- Sequences, series and power series -- Vectors and the geometry of space -- Vector functions -- Partial derivatives -- Multiple integrals -- Vector calculus.
520 _a"College-level three-semester course in calculus, including differential and integral calculus of single variable and multivariable functions"--
_cProvided by publisher.
650 0 _aCalculus
_vTextbooks.
700 1 _aClegg, Dan,
_eauthor.
700 1 _aWatson, Saleem,
_eauthor.
906 _a7
_bcbc
_corignew
_d2
_eepcn
_f20
_gy-gencatlg
942 _2ddc
_cBK
_h515
_iSt491c
_kENG
_m2021
_n0
999 _c28522
_d28522